Countries and Empires that ruled Syria - Statistics

General Stats
  • This quiz has been taken 63 times
  • The average score is 9 of 53
Answer Stats
Reign Country / Empire % Correct
1516 – 1918 Ottoman Empire
90%
27 BC – 395 AD Roman Empire
72%
379 AD – 476 AD Byzantine Empire
64%
550 BC – 330 BC Achaemenid Empire
62%
626 BC – 539 BC Neo-Babylonian Empire
54%
1950 – 1963 Syrian Arab Republic
51%
1971 – present Syrian Arab Republic
51%
1963 – 1971 United Arab Republic
44%
750 AD – 1258 CE Abbasid Caliphate
38%
2025 BC – 1890 BC Assyrian Empire
38%
330 BC – 150 BC Macedonian Empire
33%
661 AD – 750 AD Umayyad Caliphate
33%
632 AD – 661 AD Rashidun Caliphate
28%
1930 – 1950 Syrian Republic
26%
1206 – 1294 Mongol Empire
25%
1037 – 1194 Seljuk Empire
20%
909 AD – 1171 CE Fatimid Caliphate
18%
1800 BC – 480 BC Phoenicia
15%
1370 – 1507 Timurid Empire
15%
247 BC – 27 BC Parthian Empire
13%
1250 – 1517 Mamluk Sultanate
11%
312 BC – 63 BC Seleucid Empire
11%
2334 BC – 2154 BC Akkadian Empire
10%
1171 – 1260 Ayyubid Sultanate
10%
1341 Ayyubid Sultanate
10%
1650 BC – 1180 BC Hittite Empire
10%
1256 – 1335 Ilkhanates
8%
911 BC – 609 BC Neo-Assyrian Empire
8%
224 AD – 651 AD Sasanian Empire
8%
1378 – 1503 Aq Qoyunlu
7%
1098 – 1268 Principality of Antioch
7%
1920 – 1936 Alawite State
5%
1919 – 1920 Arab Kingdom of Syria
5%
1098 – 1144 County of Edessa
5%
1917 – 1920 French Colonial Empire
5%
1600 BC – 1260 BC Mitanni
5%
220 AD – 638 AD Ghassanids
3%
331 BC – 428 AD Kingdom of Armenia
3%
1550 BC – 1069 BC New Kingdom of Egypt
3%
1920 – 1925 State of Aleppo
3%
1920 – 1025 State of Damascus
3%
2100 BC – 1700 BC Amorites
2%
890 AD – 1004 CE Hamdanid dynasty
2%
935 AD – 969 AD Ikhshidid dynasty
2%
1921 – 1936 Jabal Druze State
2%
885 BC – 732 BC Kingdom of Aram
2%
400 AD – 600 AD Salihids
2%
196 AD – 1100 CE Tanukhids
2%
868 AD – 905 AD Tulunid Emirate
2%
7000 BC – 1185 BC Ugarit
2%
990 AD – 1096 CE Uqaylid dynasty
2%
1127 – 1250 Zengid dynasty
2%
1810 BC – 1517 BC Yamhad
0%
No matching quizzes found
Score Distribution
Percent of People with Each Score
Percentile by Number Answered
Your Score History
You have not taken this quiz